Mùa hè năm Petrus : Truyện dài

Shranjeno v:
Bibliografske podrobnosti
Glavni avtor: Lê, Văn Nghĩa
Format: Knjiga
Jezik:Undetermined
Izdano: Thành phố Hồ Chí Minh Trẻ 2013
Teme:
Oznake: Označite
Brez oznak, prvi označite!
Thư viện lưu trữ: Trung tâm Học liệu Trường Đại học Cần Thơ
LEADER 00663nam a2200217Ia 4500
001 CTU_210775
008 210402s9999 xx 000 0 und d
020 |c 120000 
082 |a 895.92234 
082 |b Ngh301 
100 |a Lê, Văn Nghĩa 
245 0 |a Mùa hè năm Petrus : 
245 0 |b Truyện dài 
245 0 |c Lê Văn Nghĩa 
260 |a Thành phố Hồ Chí Minh 
260 |b Trẻ 
260 |c 2013 
650 |a Vietnamese fiction,Tiểu thuyết Việt Nam 
650 |y 21st century,Thế kỷ 21 
904 |i Trương Thị Kiều Trinh,Hải 
980 |a Trung tâm Học liệu Trường Đại học Cần Thơ